00290nam a2200121Ia 4500100003300000250000600033654001300039245003800052260003800090082002000128300000800148546001200156 aWeste/ N.H.E./ Eshraghian K  a2 aComputer aPrinciples of CMOS VLSI design bAddison Wesley PubaReadingc1992 a621.395bWE/ESH a713 aENGLISH